• 首页
  • 本馆介绍
  • 公告通知
  • 最新文献
  • 馆藏检索
  • 电子资源
  • 读者导购
  • 参考咨询
  • 我的图书馆
  • 登录
  • 详细信息显示
  • 放入我的书架
  • 预约/预借图书
  • 作者相关作品
  • 分类相关作品
  • 丛书相关作品
  • 出版社相关作品

书目信息

  • 表格格式
  • 工作单格式
  • 卡片格式
题名:
有限群构造
    
 
作者: 张远达 著
分册: 下册  
出版信息: 北京   科学出版社  1982
页数: 427-717页
开本: 21cm
丛书名: 现代数学基础丛书
单 册:
中图分类: O152.1
科图分类:
主题词: 代数 , 组合数学 , 数论
电子资源:
ISBN:
000 00736nam2 2200277 45
001 0182000618
005 20051116105913.06
010    @dCNY1.75
091    @a13031.2105
100    @a19950525d1982 em y0chiy0121 ea
101 0  @achi
102    @aCN@b110000
105    @ay z 000yy
200 10 @a有限群构造@Ayou xian qun gou zao@h下册@f张远达著@Fzhang yuan da zhu
210    @a北京@c科学出版社@d1982
215    @a427-717页@d21cm
225 2  @a现代数学基础丛书
410  0 @120010@a现代数学基础丛书
606 0  @a代数
606 0  @a组合数学
606 0  @a数论
690    @aO152.1@v3
701  0 @a张远达@Azhang yuan da@4著
801  2 @aCN@bNLC@c20051116
801  0 @aCN@b上海图书馆@c20040616
905    @dO152.1@e3:2@f1@b81110
    
    有限群构造.下册/张远达著.-北京:科学出版社,1982
    427-717页;21cm.-(现代数学基础丛书)
    
    
    ISBN :CNY1.75
    
●
相关链接 在E读中查询图书 在五车中查询图书 在当当中查询图书 在豆瓣中查询图书


正题名:有限群构造     索取号:O152.1/3:2         预约/预借

序号 登录号 条形码 馆藏地/架位号 状态 备注
1 0081107   202146034   密集书库/ [索取号:O152.1/3:2] 在馆    
2 0081108   202146025   密集书库/ [索取号:O152.1/3:2] 在馆    
3 0081109   202146016   密集书库/ [索取号:O152.1/3:2] 在馆    
4 0081110   000412226   第三借阅区/ [索取号:O152.1/3:2] 在馆    
5 0081111   202091510   第二样本阅览室/ [索取号:O152.1/3:2] 在馆    
唐山师范学院图书馆 欢迎您!
大连网信软件有限公司© 版权所有